Introduction to computer assisted language teaching

Αποθηκεύτηκε σε:
Λεπτομέρειες βιβλιογραφικής εγγραφής
Κύριος συγγραφέας: Kenning, M. J.
Άλλοι συγγραφείς: Kenning, M.-M
Μορφή: Βιβλίο
Γλώσσα:English
Δημοσίευση: Oxford ; New York : Oxford University Press, 1983
Θέματα:
Ετικέτες: Προσθήκη ετικέτας
Δεν υπάρχουν, Καταχωρήστε ετικέτα πρώτοι!

MARC

LEADER 00000cam a2200000 i 4500
001 1/80104
008 980910s1983 eng d
020 |a 0-19-437090-9 
035 |l 10033359 
035 |a 1988  |b 3  |c Πολεμικού 
040 |a GR-MY-UA  |b gre  |e aacr 
041 0 |a eng 
082 0 |a 418.0078  |2 (19) 
100 1 |a Kenning, M. J. 
245 1 0 |a Introduction to computer assisted language teaching /  |c M.J. Kenning, M.-M. Kenning 
260 |a Oxford ; New York :   |b Oxford University Press,   |c 1983 
300 |a xii, 195 p.;  |b ill.;  |c 22 cm 
504 |a Βιβλιογραφία: σ. 184-186 
504 |a Περιέχει ευρετήριο 
650 0 0 |a Language and languages  |x Computer-assisted instruction. 
700 1 |a Kenning, M.-M. 
852 |a INST  |b RHODES  |e 19980910  |h 418.0078 KEN  |p 005400003868  |q 005400003868  |t BK  |y 0 
909 |a Ρ  |b 011827  |c 1988